Chitty on contracts: general principles. -- 30th ed., vol. I (Record no. 37343)

MARC details
000 -LEADER
fixed length control field 00721nam a2200205 a 4500
008 - FIXED-LENGTH DATA ELEMENTS--GENERAL INFORMATION
fixed length control field 100721s2008 ||||||||||||||||| || u
020 ## - INTERNATIONAL STANDARD BOOK NUMBER
International Standard Book Number 9781847035479
050 ## - LIBRARY OF CONGRESS CALL NUMBER
Classification number KD 130 Chi
100 ## - MAIN ENTRY--PERSONAL NAME
Personal name Chitty, Joseph
245 10 - TITLE STATEMENT
Title Chitty on contracts: general principles. -- 30th ed., vol. I
Statement of responsibility, etc. edited by H. G. Beale
250 ## - EDITION STATEMENT
Edition statement 30th ed.
260 ## - PUBLICATION, DISTRIBUTION, ETC.
Place of publication, distribution, etc. London:
Name of publisher, distributor, etc. Thomson reuters
Date of publication, distribution, etc. 2008
300 ## - PHYSICAL DESCRIPTION
Extent cdlvii, 2261p.: ill.
350 ## - PRICE (NR) (BK AM CF MU VM SE) [OBSOLETE]
Price 0.00
500 ## - GENERAL NOTE
General note Includes Index
650 ## - SUBJECT ADDED ENTRY--TOPICAL TERM
Topical term or geographic name entry element LAW
650 #0 - SUBJECT ADDED ENTRY--TOPICAL TERM
Topical term or geographic name entry element CONTRACTS--GREAT BRITAIN
700 ## - ADDED ENTRY--PERSONAL NAME
Personal name Beale, H. G
995 ## - RECOMMENDATION 995 [LOCAL, UNIMARC FRANCE]
-- 0.00
-- CBU-MAIN LIBRARY (Kitwe)
-- 1
-- 0.00
-- 1
-- AVAILABLE
-- Aug 26, 2010
-- Main Library Open Access Collection
Holdings
Withdrawn status Lost status Source of classification or shelving scheme Damaged status Not for loan Home library Current library Shelving location Date acquired Total Checkouts Full call number Barcode Date last seen Price effective from Koha item type
          CBU-MAIN LIBRARY, KITWE. CBU-MAIN LIBRARY, KITWE.   11/30/2022   KD 130 Chi 741360 11/30/2022 11/30/2022 MONOGRAPH